00712pam a2200229 a 4500001000500000005001700005020001800022040002300040050001900063082001200082100002700094245004900121250004500170260003400215300004600249490002400295505000800319520009400327521002000421521002200441650001900463388420240614094753.0 a9780439608084 aDLCcDLCdDLCbeng00aPZ7.H672b199300a808.0681 aHoff, Syd,d1912-2004.10aCaptain Cat /cStory and picture by Syd Hoff aFirst Scholastic printing , January 2004 aNew York :bScholastic,c1993 a46 pages : bcolor illustrator ; c23 cm. aAn I Can Read Book  aM  aA cat makes friends with a soldier and learns about military life when he joins the army. a530 bLexile  aM bRaz-Plus  1aCatsxFiction.